000 00579nab a2200229 a 4500
001 63961
003 136609
005 20201118110051.0
008 ||||||n9999 ||| || ||
041 _aspa
100 _aUprimny Yepes, Rodrigo
245 0 _aProceso penal y garantias individuales
260 _aBogotá :
_bDefensoría del Pueblo,
_c1994.
300 _app.8-10
562 _e0
650 _aCOLOMBIA
650 _aDERECHO AL DEBIDO PROCESO
650 _aGARANTÍAS
650 _aPROCESO JUDICIAL
773 _060337
_aSu defensor - No.11
942 _cSART
999 _c63961
_d63961